000 00597nam a2200229Ia 4500
003 OSt
005 20221007072205.0
006 a|||||r|||| 00| 0
007 ta
008 221006b |||||||| |||| 00| 0 eng d
024 _a17,898
037 _cTextual
040 _aFLL
_cFLL
_beng
041 _2eng
_aeng
082 _aY21.3.N7, L9
100 _aThornes B. Au.
_9690203
245 0 _aWho divorces?
260 _aLondon
_bRoutledge and kegan paul England
_c1979
300 _a223p
_ccm.
942 _hY21.3.N7, L9
_cTEXL
_2CC
999 _c1145387
_d1145387